[Event "Bunratty Masters 26th"]
[Site "Bunratty"]
[Date "2019.02.23"]
[Round "2"]
[White "Vicas, Marijus"]
[Black "Nettleton, Charlie"]
[Result "1-0"]
[WhiteElo "2212"]
[BlackElo "2064"]
[PlyCount "106"]
[EventDate "2019.02.22"]
[EventType "swiss"]
[EventRounds "6"]
[EventCountry "IRL"]
[SourceTitle "EXT 2024"]
[Source "ChessBase"]
[SourceDate "2023.10.10"]
[SourceVersion "1"]
[SourceVersionDate "2023.10.10"]
[SourceQuality "1"]

1. e4 c5 2. Nc3 Nc6 3. f4 e6 4. Nf3 d5 5. Bb5 Nge7 6. exd5 Nxd5 7. Ne5 Bd7 8. Nxd7 Qxd7 9. Qf3 a6 10. Nxd5 exd5 11. Be2 Be7 12. c3 0-0 13. 0-0 Rfe8 14. d3 b5 15. Bd2 c4 16. Rae1 f5 17. g3 Rad8 18. Qg2 cxd3 19. Bxd3 Bc5+ 20. Kh1 g6 21. Be2 Re6 22. g4 Kh8 23. Bd3 d4 24. gxf5 Rxe1 25. Bxe1 gxf5 26. Rg1 Qd5 27. Bxf5 Qxg2+ 28. Rxg2 dxc3 29. Bxc3+ Bd4 30. Rd2 b4 31. Bxd4+ Rxd4 32. Rxd4 Nxd4 33. Bd3 Ne6 34. Bxa6 Nxf4 35. Bc4 Kg7 36. a4 bxa3 37. bxa3 Ng6 38. a4 Ne5 39. Bb5 Nf7 40. a5 Nd6 41. Bd7 Nc4 42. a6 Nb6 43. Bc6 Kf6 44. Kg2 Kg5 45. Kf3 Kf6 46. a7 Ke5 47. Kg4 Kf6 48. Kh5 Kg7 49. Be4 h6 50. Bc2 Na8 51. Bd3 Nc7 52. Be4 Kh8 53. Kxh6 Ne8 1-0

[Event "Klaipeda Sea op-A 15th"]
[Site "Klaipeda"]
[Date "2018.07.27"]
[Round "5"]
[White "Sibajeva, Marija"]
[Black "Vicas, Marijus"]
[Result "1-0"]
[WhiteElo "1941"]
[BlackElo "2183"]
[PlyCount "149"]
[EventDate "2018.07.23"]
[EventType "swiss"]
[EventRounds "7"]
[EventCountry "LTU"]
[SourceTitle "CBM 186 Extra"]
[Source "ChessBase"]
[SourceDate "2018.08.24"]
[SourceVersion "1"]
[SourceVersionDate "2018.08.24"]
[SourceQuality "1"]

1. e4 e5 2. Nf3 Nc6 3. Bb5 a6 4. Ba4 Nf6 5. d3 Bc5 6. 0-0 b5 7. Bb3 0-0 8. Nc3 h6 9. Nd5 d6 10. c3 Bb7 11. Be3 Na5 12. Nxf6+ Qxf6 13. Bc2 Nc6 14. Nd2 Bxe3 15. fxe3 Qg5 16. Qe2 Bc8 17. a4 Bg4 18. Qf2 Qe7 19. h3 Be6 20. d4 Na5 21. d5 Bd7 22. b4 Nb7 23. c4 bxa4 24. Bxa4 a5 25. Bc6 Bxc6 26. dxc6 Nd8 27. b5 Ne6 28. Nb1 Nc5 29. Nc3 f6 30. Nd5 Qf7 31. Qc2 Ra7 32. Ra3 Kh7 33. Rfa1 a4 34. Rb1 h5 35. Rb4 g5 36. g3 Qg6 37. b6 cxb6 38. Rxb6 g4 39. h4 f5 40. c7 fxe4 41. Rb8 Qg8 42. Nf6+ Rxf6 43. Rxg8 Rxc7 44. Rb8 Rcf7 45. Rb1 Rf3 46. Kg2 Kg7 47. Qe2 Nd3 48. Rxd3 exd3 49. Qxd3 Rf2+ 50. Kg1 R2f3 51. Qxd6 Rxg3+ 52. Kh2 Rxe3 53. Qd2 Rff3 54. Qd7+ Rf7 55. Qd8 g3+ 56. Kg1 Rb3 57. Qg5+ Kf8 58. Rxb3 axb3 59. Qxe5 Rb7 60. Qf5+ Kg7 61. Qg5+ Kf8 62. Qf4+ Ke8 63. Qe4+ Re7 64. Qg6+ Kf8 65. Qxh5 Re1+ 66. Kg2 b2 67. Qh8+ Kf7 68. Qxb2 Kg8 69. Qb8+ Kh7 70. Qc7+ Kh8 71. Qxg3 Re2+ 72. Kh3 Re7 73. c5 Kh7 74. c6 Rg7 75. Qxg7+ 1-0

[Event "Klaipeda Sea op-A 15th"]
[Site "Klaipeda"]
[Date "2018.07.26"]
[Round "4"]
[White "Vicas, Marijus"]
[Black "Pocius, Vaclovas"]
[Result "1-0"]
[WhiteElo "2183"]
[BlackElo "1747"]
[PlyCount "59"]
[EventDate "2018.07.23"]
[EventType "swiss"]
[EventRounds "7"]
[EventCountry "LTU"]
[SourceTitle "CBM 186 Extra"]
[Source "ChessBase"]
[SourceDate "2018.08.24"]
[SourceVersion "1"]
[SourceVersionDate "2018.08.24"]
[SourceQuality "1"]

1. e4 e6 2. d4 c5 3. Nf3 cxd4 4. Nxd4 Nf6 5. Nc3 Bb4 6. Qd3 Nc6 7. Bf4 0-0 8. f3 Qa5 9. Nb3 Qh5 10. g4 Qg6 11. 0-0-0 d5 12. exd5 Bxc3 13. dxc6 Nd5 14. Qxg6 fxg6 15. Bd6 Rxf3 16. Bg2 Rf2 17. Bxd5 Bxb2+ 18. Kxb2 exd5 19. Rhf1 Rf6 20. Rxf6 gxf6 21. c7 Bxg4 22. Rxd5 Kf7 23. Rd4 Bf3 24. Bg3 Ke7 25. Nc5 b6 26. Rd7+ Ke8 27. Bd6 bxc5 28. Re7+ Kf8 29. Rxh7+ Kg8 30. Rd7 1-0

[Event "Klaipeda Sea op-A 15th"]
[Site "Klaipeda"]
[Date "2018.07.25"]
[Round "3"]
[White "Perminaite, Guoda"]
[Black "Vicas, Marijus"]
[Result "0-1"]
[WhiteElo "1880"]
[BlackElo "2183"]
[PlyCount "116"]
[EventDate "2018.07.23"]
[EventType "swiss"]
[EventRounds "7"]
[EventCountry "LTU"]
[SourceTitle "CBM 186 Extra"]
[Source "ChessBase"]
[SourceDate "2018.08.24"]
[SourceVersion "1"]
[SourceVersionDate "2018.08.24"]
[SourceQuality "1"]

1. e4 e5 2. Nf3 Nc6 3. Bb5 Nf6 4. 0-0 d6 5. Re1 Be7 6. c3 0-0 7. h3 a6 8. Ba4 b5 9. Bc2 d5 10. d4 Nxe4 11. dxe5 Bc5 12. Be3 Bxe3 13. Rxe3 Re8 14. Na3 Be6 15. Qe1 Ng5 16. Nd4 Nxd4 17. cxd4 Bd7 18. Rd1 f5 19. exf6 Qxf6 20. h4 Ne6 21. Qd2 Nf4 22. Rde1 Rf8 23. Rf3 Bg4 24. Rg3 Qxh4 25. Re5 g6 26. Nb1 Rf7 27. Nc3 Raf8 28. Bd1 Bxd1 29. Nxd1 Nh5 30. Rh3 Qf4 31. Qxf4 Nxf4 32. Rf3 c6 33. Kf1 Rf6 34. a3 h6 35. Nc3 g5 36. g3 Ne6 37. Rxf6 Rxf6 38. Ne2 Kf7 39. Kg2 Ke7 40. f4 Kd6 41. Kf3 gxf4 42. gxf4 Rxf4+ 43. Nxf4 Nxd4+ 44. Ke3 Nc2+ 45. Kd2 Kxe5 46. Nd3+ Ke4 47. Kxc2 h5 48. Kd2 h4 49. Ke2 Kd4 50. Nb4 h3 51. Nxc6+ Kc5 52. Ne5 h2 53. Nd3+ Kc4 54. Nf2 Kb3 55. Kf1 Kxb2 56. Kg2 Kxa3 57. Kxh2 b4 58. Nd1 d4 0-1

[Event "Klaipeda Sea op-A 15th"]
[Site "Klaipeda"]
[Date "2018.07.23"]
[Round "1"]
[White "Gluchaciov, Nikolaj"]
[Black "Vicas, Marijus"]
[Result "0-1"]
[WhiteElo "1732"]
[BlackElo "2183"]
[PlyCount "94"]
[EventDate "2018.07.23"]
[EventType "swiss"]
[EventRounds "7"]
[EventCountry "LTU"]
[SourceTitle "CBM 186 Extra"]
[Source "ChessBase"]
[SourceDate "2018.08.24"]
[SourceVersion "1"]
[SourceVersionDate "2018.08.24"]
[SourceQuality "1"]

1. e4 e5 2. Nf3 Nc6 3. d4 exd4 4. Nxd4 Nf6 5. f3 Bc5 6. Nb3 Bb6 7. Nc3 0-0 8. Qe2 d5 9. Bg5 dxe4 10. Nxe4 Be6 11. Qd2 Nxe4 12. fxe4 f6 13. Qxd8 Raxd8 14. Bd2 Bf2+ 15. Kxf2 Bxb3 16. Bb4 Nxb4 17. axb3 Rd2+ 18. Kf3 a6 19. c3 Nc6 20. Rb1 Ne5+ 21. Ke3 Rfd8 22. Be2 c5 23. Rhd1 Rxd1 24. Rxd1 Rxd1 25. Bxd1 b5 26. Be2 Kf7 27. b4 cxb4 28. cxb4 Nc6 29. Bg4 Ke7 30. Bc8 Nxb4 31. Kd4 Kd6 32. h4 a5 33. g4 Nc6+ 34. Ke3 Ne7 35. Bb7 Kc7 36. Ba8 Kb8 37. Bd5 Nxd5+ 38. exd5 Kc7 39. h5 Kd6 40. Kf4 g6 41. Ke4 a4 42. Kd4 gxh5 43. gxh5 f5 44. h6 b4 45. Kc4 a3 46. bxa3 bxa3 47. Kb3 f4 0-1

[Event "Plunge op-A 38th"]
[Site "Plateliai"]
[Date "2018.07.22"]
[Round "9"]
[White "Juksta, Karolis"]
[Black "Vicas, Marijus"]
[Result "1-0"]
[WhiteElo "2187"]
[BlackElo "2183"]
[PlyCount "76"]
[EventDate "2018.07.16"]
[EventType "swiss"]
[EventRounds "9"]
[EventCountry "LTU"]
[SourceTitle "EXT 2019"]
[Source "ChessBase"]
[SourceDate "2018.10.10"]
[SourceVersion "1"]
[SourceVersionDate "2018.10.10"]
[SourceQuality "1"]

1. d4 Nf6 2. c4 e6 3. Nc3 Bb4 4. f3 0-0 5. e4 d5 6. e5 Nfd7 7. cxd5 exd5 8. a3 Bxc3+ 9. bxc3 f6 10. exf6 Qxf6 11. Ne2 Re8 12. Kf2 Nb6 13. Ng3 Nc6 14. Bd3 Bd7 15. a4 Na5 16. h4 c5 17. Qc2 cxd4 18. Bxh7+ Kh8 19. Bg5 Qc6 20. cxd4 Nxa4 21. Qxc6 Bxc6 22. Bg6 Nb3 23. Bxe8 Rxe8 24. Rae1 Rxe1 25. Rxe1 Nxd4 26. h5 Nc5 27. Re7 Nde6 28. Bd2 Kg8 29. h6 d4 30. Nh5 g6 31. Nf6+ Kf8 32. h7 Kxe7 33. h8Q b5 34. Ng4 Kd6 35. Qb8+ Kd5 36. Qxa7 b4 37. Qb6 b3 38. Ke2 d3+ 1-0

[Event "Plunge op-A 38th"]
[Site "Plateliai"]
[Date "2018.07.20"]
[Round "7"]
[White "Kalvaitis, Sigitas"]
[Black "Vicas, Marijus"]
[Result "0-1"]
[WhiteElo "2169"]
[BlackElo "2183"]
[PlyCount "144"]
[EventDate "2018.07.16"]
[EventType "swiss"]
[EventRounds "9"]
[EventCountry "LTU"]
[SourceTitle "EXT 2019"]
[Source "ChessBase"]
[SourceDate "2018.10.10"]
[SourceVersion "1"]
[SourceVersionDate "2018.10.10"]
[SourceQuality "1"]

1. e4 e5 2. Nf3 Nc6 3. c3 d5 4. Qa4 Qd6 5. Bb5 Bd7 6. 0-0 Nge7 7. exd5 Qxd5 8. Bc4 Na5 9. Bxd5 Bxa4 10. b3 Nxd5 11. bxa4 f6 12. d4 exd4 13. Nxd4 0-0-0 14. Ne6 Re8 15. Nxf8 Rhxf8 16. Ba3 Rf7 17. Nd2 Nxc3 18. Rfe1 Rxe1+ 19. Rxe1 Nxa4 20. Re8+ Kd7 21. Rh8 g6 22. Ne4 Nc4 23. Bf8 Ke6 24. g4 Ne5 25. h3 g5 26. Ba3 b6 27. Re8+ Kd5 28. Ng3 c5 29. Nf5 b5 30. Rd8+ Kc6 31. Rc8+ Rc7 32. Ne7+ Kd6 33. Rxc7 Kxc7 34. Nd5+ Kc6 35. Nxf6 h6 36. Bc1 Nc3 37. Bb2 b4 38. Ng8 c4 39. Nxh6 Ne2+ 40. Kf1 c3 41. Ba3 Nf4 42. Bxb4 c2 43. Bd2 Nf3 44. Be3 Kd5 45. Nf7 Ke4 46. Bc1 Nd3 47. Be3 c1Q+ 48. Bxc1 Nxc1 49. a4 Nb3 50. Kg2 Kf4 51. Nd6 Nfd4 52. Nc8 a5 53. Nb6 Nc6 54. Nc4 Ne5 55. Nb6 Nc5 56. Nd5+ Ke4 57. Nb6 Kd4 58. h4 gxh4 59. Kh3 Ng6 60. f4 Ne4 61. g5 Nf2+ 62. Kg2 Ng4 63. Kh3 Ne3 64. f5 Nxf5 65. Nd7 Nf4+ 66. Kh2 Ne3 67. Nf6 Ke5 68. Nd7+ Kf5 69. g6 Ng4+ 70. Kh1 Kxg6 71. Nc5 h3 72. Nb3 Nd3 0-1

[Event "Plunge op-A 38th"]
[Site "Plateliai"]
[Date "2018.07.19"]
[Round "5"]
[White "Laurusas, Tomas"]
[Black "Vicas, Marijus"]
[Result "1-0"]
[WhiteElo "2465"]
[BlackElo "2183"]
[PlyCount "53"]
[EventDate "2018.07.16"]
[EventType "swiss"]
[EventRounds "9"]
[EventCountry "LTU"]
[SourceTitle "EXT 2019"]
[Source "ChessBase"]
[SourceDate "2018.10.10"]
[SourceVersion "1"]
[SourceVersionDate "2018.10.10"]
[SourceQuality "1"]

1. c4 Nf6 2. Nf3 e6 3. g3 d5 4. Bg2 c5 5. cxd5 exd5 6. d4 Nc6 7. 0-0 Bg4 8. Ne5 cxd4 9. Nxg4 Nxg4 10. Qb3 Nf6 11. Qxb7 Qc8 12. Qxc8+ Rxc8 13. Bf4 Nb4 14. a3 Nc2 15. Rc1 Ne4 16. Ra2 Rc6 17. h4 Be7 18. b3 Nb4 19. axb4 Rxc1+ 20. Bxc1 0-0 21. Rxa7 Rc8 22. Rxe7 Rxc1+ 23. Kh2 Kf8 24. Rxe4 dxe4 25. Bxe4 Ke7 26. Nd2 g6 27. Nf3 1-0

[Event "Panevezys Elite op"]
[Site "Panevezys"]
[Date "2018.07.02"]
[Round "5"]
[White "Vicas, Marijus"]
[Black "Badelka, Olga"]
[Result "0-1"]
[WhiteElo "2184"]
[BlackElo "2407"]
[PlyCount "66"]
[EventDate "2018.06.29"]
[EventType "swiss"]
[EventRounds "9"]
[EventCountry "LTU"]
[SourceTitle "CBM 185 Extra"]
[Source "ChessBase"]
[SourceDate "2018.07.29"]
[SourceVersion "1"]
[SourceVersionDate "2018.07.29"]
[SourceQuality "1"]

1. e4 c5 2. Nf3 Nc6 3. d4 cxd4 4. Nxd4 Qb6 5. Nb3 Nf6 6. Nc3 e6 7. Bd3 d6 8. Be3 Qc7 9. f4 a6 10. Qf3 b5 11. 0-0-0 Bb7 12. g4 Nb4 13. g5 Nxd3+ 14. Rxd3 Nd7 15. Bd4 Rc8 16. Rd2 b4 17. Nd5 exd5 18. exd5 Be7 19. Bxg7 Rg8 20. Bd4 Kd8 21. Re1 Re8 22. Qe4 Qc4 23. Qxh7 Bxd5 24. Rde2 Nf8 25. Qf5 Ne6 26. Bb6+ Kd7 27. Rd2 Bf3 28. Qxf7 Rf8 29. Qh7 Qxf4 30. Nc5+ Rxc5 31. Bxc5 Rf7 32. Qh3 Bg4 33. Qe3 Nxc5 0-1

[Event "Baltija Cup 15th"]
[Site "Palanga"]
[Date "2018.06.17"]
[Round "2"]
[White "Pilipuitis, Mantas"]
[Black "Vicas, Marijus"]
[Result "1/2-1/2"]
[WhiteElo "1791"]
[BlackElo "2184"]
[PlyCount "131"]
[EventDate "2018.06.16"]
[EventType "swiss"]
[EventRounds "7"]
[EventCountry "LTU"]
[SourceTitle "EXT 2019"]
[Source "ChessBase"]
[SourceDate "2018.10.10"]
[SourceVersion "1"]
[SourceVersionDate "2018.10.10"]
[SourceQuality "1"]

1. e4 e5 2. Nf3 Nc6 3. Nc3 Nf6 4. d4 exd4 5. Nxd4 Bb4 6. Nxc6 bxc6 7. Bd3 d6 8. 0-0 h6 9. f4 0-0 10. h3 Re8 11. Qf3 Nd7 12. Ne2 Bb7 13. a3 Ba5 14. Ng3 c5 15. Nf5 Qf6 16. e5 Bxf3 17. exf6 Be2 18. Bxe2 Rxe2 19. fxg7 Rae8 20. c3 Rc2 21. Nxh6+ Kxg7 22. Nf5+ Kh7 23. Ne3 Rxc1 24. Raxc1 Rxe3 25. Rce1 Rxe1 26. Rxe1 Kg7 27. g4 c4 28. Kg2 Nc5 29. Kf3 d5 30. Re2 Nd3 31. g5 c5 32. f5 Bc7 33. h4 Be5 34. f6+ Kh7 35. h5 d4 36. Kg4 Bd6 37. Kf5 Ne5 38. Re1 d3 39. g6+ Kg8 40. g7 d2 41. Rh1 Nf3 42. h6 Kh7 43. Ke4 Nh4 44. Ke3 Nf5+ 45. Kxd2 Bf4+ 46. Kc2 Nxh6 47. Rh5 Be3 48. a4 a5 49. Kb1 Bd2 50. Rxc5 Ng8 51. Rh5+ Bh6 52. Rxa5 Nxf6 53. Rc5 Ne4 54. Rc8 Kxg7 55. a5 Be3 56. Re8 f5 57. Kc2 Kf7 58. Rc8 f4 59. Rxc4 f3 60. Kd3 f2 61. Ke2 f1Q+ 62. Kxf1 Nd2+ 63. Ke2 Nxc4 64. b3 Nxa5 65. Kxe3 Nxb3 66. c4 1/2-1/2

[Event "Baltic zt I Stage"]
[Site "Tallinn"]
[Date "2018.05.19"]
[Round "8"]
[White "Vicas, Marijus"]
[Black "Seeman, Tarvo"]
[Result "0-1"]
[WhiteElo "2190"]
[BlackElo "2426"]
[PlyCount "54"]
[EventDate "2018.05.14"]
[EventType "swiss"]
[EventRounds "9"]
[EventCountry "EST"]
[SourceTitle "CBM 184 Extra"]
[Source "ChessBase"]
[SourceDate "2018.06.28"]
[SourceVersion "1"]
[SourceVersionDate "2018.06.28"]
[SourceQuality "1"]

1. e4 c5 2. Nf3 e6 3. d4 cxd4 4. Nxd4 Nc6 5. Nc3 d6 6. Be3 Nf6 7. f3 Be7 8. Qd2 0-0 9. 0-0-0 a6 10. g4 Nxd4 11. Bxd4 b5 12. Kb1 Bb7 13. h4 Nd7 14. g5 b4 15. Ne2 a5 16. Ng3 Ne5 17. Qg2 Nc6 18. Be3 a4 19. f4 b3 20. cxb3 axb3 21. a3 d5 22. f5 Bxa3 23. bxa3 Rxa3 24. Qb2 Qa5 25. Bd2 Qa4 26. Nh5 Qxe4+ 27. Kc1 Ra1+ 0-1

[Event "Baltic zt I Stage"]
[Site "Tallinn"]
[Date "2018.05.16"]
[Round "4"]
[White "Chukavin, Kirill"]
[Black "Vicas, Marijus"]
[Result "1/2-1/2"]
[WhiteElo "2310"]
[BlackElo "2190"]
[PlyCount "164"]
[EventDate "2018.05.14"]
[EventType "swiss"]
[EventRounds "9"]
[EventCountry "EST"]
[SourceTitle "CBM 184 Extra"]
[Source "ChessBase"]
[SourceDate "2018.06.28"]
[SourceVersion "1"]
[SourceVersionDate "2018.06.28"]
[SourceQuality "1"]

1. e4 e5 2. Nf3 Nc6 3. Bb5 a6 4. Ba4 Nf6 5. 0-0 Be7 6. Re1 b5 7. Bb3 0-0 8. a4 Bb7 9. d3 d6 10. c3 Re8 11. Ng5 Rf8 12. Nf3 Re8 13. Nbd2 Bf8 14. Nf1 h6 15. Nh4 d5 16. axb5 axb5 17. Rxa8 Bxa8 18. exd5 Na5 19. Bc2 Nxd5 20. Nf5 Nf4 21. Bxf4 exf4 22. Rxe8 Qxe8 23. Qg4 g6 24. b4 Nc6 25. d4 Qe6 26. h3 Qf6 27. Be4 Bb7 28. Nh4 h5 29. Qf3 Nxd4 30. cxd4 Bxe4 31. Qxe4 Qxh4 32. Nd2 Bxb4 33. Qe8+ Kg7 34. Nf3 Qe7 35. Qxb5 Bd6 36. Qd3 Qe6 37. d5 Qf6 38. Qe4 Qa1+ 39. Kh2 Qb2 40. Kg1 Bc5 41. Qe5+ Qxe5 42. Nxe5 f6 43. Nd3 Bd6 44. Kf1 Kf7 45. Ke2 g5 46. Nb2 Bc5 47. f3 f5 48. Nc4 Kf6 49. Kd3 g4 50. Ke2 Kg5 51. Kf1 Kh4 52. hxg4 fxg4 53. Nd2 gxf3 54. gxf3 Be3 55. Ne4 Kh3 56. d6 cxd6 57. Nxd6 Kg3 58. Ke2 Bc5 59. Nf5+ Kg2 60. Nh4+ Kg1 61. Ng6 Bd6 62. Ke1 Kg2 63. Ke2 Kg3 64. Kf1 Bc5 65. Nxf4 h4 66. Nh5+ Kxf3 67. Nf4 Kg3 68. Nh5+ Kf3 69. Nf4 Be3 70. Nh3 Kg3 71. Nf4 Ba7 72. Nh5+ Kh2 73. Nf4 Bb8 74. Nh3 Ba7 75. Nf4 Kg3 76. Nh5+ Kf3 77. Nf4 Bf2 78. Ng2 h3 79. Nh4+ Ke3 80. Nf5+ Kf3 81. Nh4+ Kg3 82. Nf5+ Kf3 1/2-1/2

[Event "Baltic zt I Stage"]
[Site "Tallinn"]
[Date "2018.05.15"]
[Round "2"]
[White "Sulskis, Sarunas"]
[Black "Vicas, Marijus"]
[Result "1-0"]
[WhiteElo "2503"]
[BlackElo "2190"]
[PlyCount "101"]
[EventDate "2018.05.14"]
[EventType "swiss"]
[EventRounds "9"]
[EventCountry "EST"]
[SourceTitle "CBM 184 Extra"]
[Source "ChessBase"]
[SourceDate "2018.06.28"]
[SourceVersion "1"]
[SourceVersionDate "2018.06.28"]
[SourceQuality "1"]

1. c4 e5 2. Nc3 d6 3. d4 exd4 4. Qxd4 Nc6 5. Qd2 Nf6 6. g3 Be7 7. Bg2 0-0 8. b3 Re8 9. Bb2 Bf5 10. Nh3 Bf8 11. 0-0 h6 12. Nf4 a6 13. Rac1 Qd7 14. Rfd1 Rad8 15. f3 Ne5 16. e4 Bh7 17. Ncd5 Nxd5 18. cxd5 c5 19. dxc6 bxc6 20. Qa5 f5 21. Bxe5 Rxe5 22. Qxa6 fxe4 23. fxe4 Bxe4 24. Bxe4 Rxe4 25. Qxc6 Qa7+ 26. Kh1 Rde8 27. Qd5+ Kh7 28. Qf5+ Kg8 29. Ng6 Qa8 30. Qd5+ Qxd5 31. Rxd5 Re2 32. a4 Kh7 33. Nf4 Rb2 34. Rb5 g5 35. Rb7+ Re7 36. Rxe7+ Bxe7 37. Nd5 Bf8 38. a5 Rxb3 39. a6 Ra3 40. Rc7+ Bg7 41. a7 Ra1+ 42. Kg2 Ra2+ 43. Kf3 Ra3+ 44. Ke4 Ra4+ 45. Kf5 Ra5 46. Ke6 Kg6 47. Ne7+ Kh7 48. g4 Re5+ 49. Kxd6 Ra5 50. Nf5 Ra6+ 51. Kc5 1-0

[Event "Baltic zt I Stage"]
[Site "Tallinn"]
[Date "2018.05.15"]
[Round "3"]
[White "Vicas, Marijus"]
[Black "Sarakauskas, Gediminas"]
[Result "0-1"]
[WhiteElo "2190"]
[BlackElo "2424"]
[PlyCount "116"]
[EventDate "2018.05.14"]
[EventType "swiss"]
[EventRounds "9"]
[EventCountry "EST"]
[SourceTitle "CBM 184 Extra"]
[Source "ChessBase"]
[SourceDate "2018.06.28"]
[SourceVersion "1"]
[SourceVersionDate "2018.06.28"]
[SourceQuality "1"]

1. e4 c5 2. Nf3 e6 3. d4 cxd4 4. Nxd4 a6 5. Bd3 Bc5 6. Nb3 Be7 7. 0-0 Qc7 8. f4 d6 9. Nc3 Nf6 10. Qf3 Nbd7 11. Be3 b6 12. Rad1 Bb7 13. Qg3 g6 14. e5 Nh5 15. Qf2 dxe5 16. fxe5 0-0 17. Nd2 Bc5 18. Nc4 Nxe5 19. Bxc5 bxc5 20. Nd6 Ng4 21. Qh4 Ne3 22. Nxb7 Qxb7 23. Be4 Qxb2 24. Bxa8 Nxf1 25. Na4 Qxc2 26. Rxf1 Rxa8 27. Nb6 Re8 28. Nd7 Qd2 29. Nxc5 Qxa2 30. Qb4 Qd5 31. g4 Rc8 32. Ne4 f5 33. gxh5 Qxe4 34. Qxe4 fxe4 35. hxg6 hxg6 36. Rf6 Rc6 37. Rxg6+ Kf7 38. Rg5 Kf6 39. Ra5 e5 40. Kf2 Kf5 41. Ke3 Rc3+ 42. Ke2 Kf4 43. Rxa6 Rc2+ 44. Kd1 Rxh2 45. Ra3 Rf2 46. Ke1 Rf3 47. Ra8 Rh3 48. Kf2 Rh2+ 49. Kg1 Rb2 50. Kf1 Kf3 51. Rf8+ Ke3 52. Ra8 Rb1+ 53. Kg2 Rc1 54. Rb8 Kd3 55. Rb3+ Kd2 56. Rb5 e3 57. Rxe5 e2 58. Rd5+ Kc2 0-1

[Event "LTU-chT"]
[Site "Lithuania"]
[Date "2018.03.25"]
[Round "5.5"]
[White "Vicas, Marijus"]
[Black "Viskelis, Darius"]
[Result "1-0"]
[WhiteElo "2126"]
[BlackElo "2272"]
[PlyCount "105"]
[EventDate "2018.01.27"]
[EventType "team-swiss"]
[EventRounds "7"]
[EventCountry "LTU"]
[SourceTitle "EXT 2019"]
[Source "ChessBase"]
[SourceDate "2018.10.10"]
[SourceVersion "1"]
[SourceVersionDate "2018.10.10"]
[SourceQuality "1"]
[WhiteTeam "Siauliai Tomas"]
[BlackTeam "Vilnius Chess United"]
[WhiteTeamCountry "LTU"]
[BlackTeamCountry "LTU"]

1. e4 c5 2. Nc3 Nc6 3. f4 e6 4. Nf3 d5 5. Bb5 Nf6 6. Qe2 Be7 7. d3 Qc7 8. 0-0 0-0 9. Bxc6 Qxc6 10. Ne5 Qc7 11. Qf3 b6 12. exd5 Bb7 13. Qh3 exd5 14. Bd2 d4 15. Ne2 Nd5 16. Ng3 g6 17. Rae1 f5 18. Nf3 Rae8 19. Ng5 Bxg5 20. fxg5 c4 21. Qh4 cxd3 22. Rc1 f4 23. cxd3 Qd6 24. Ne4 Rxe4 25. dxe4 Ne3 26. Bxe3 dxe3 27. Rfd1 Qe7 28. Qh3 e2 29. Re1 Qxe4 30. Rc7 Rf7 31. Rxf7 Kxf7 32. Qf3 Qxf3 33. gxf3 Bxf3 34. Kf2 Bh5 35. Rc1 Ke6 36. Rc7 Kf5 37. Rxa7 Kxg5 38. a4 Kh4 39. b4 Kh3 40. Rxh7 Kxh2 41. a5 bxa5 42. bxa5 e1Q+ 43. Kxe1 Kg1 44. Rf7 f3 45. a6 g5 46. Rf6 g4 47. a7 g3 48. a8Q f2+ 49. Kd2 g2 50. Qa7 Kh1 51. Qxf2 g1Q 52. Qh4+ Kg2 53. Qg5+ 1-0

[Event "LTU-chT"]
[Site "Lithuania"]
[Date "2018.03.24"]
[Round "3.5"]
[White "Brazdzionis, Andrius"]
[Black "Vicas, Marijus"]
[Result "1/2-1/2"]
[WhiteElo "2293"]
[BlackElo "2126"]
[PlyCount "89"]
[EventDate "2018.01.27"]
[EventType "team-swiss"]
[EventRounds "7"]
[EventCountry "LTU"]
[SourceTitle "EXT 2019"]
[Source "ChessBase"]
[SourceDate "2018.10.10"]
[SourceVersion "1"]
[SourceVersionDate "2018.10.10"]
[SourceQuality "1"]
[WhiteTeam "Vilnius MRU"]
[BlackTeam "Siauliai Tomas"]
[WhiteTeamCountry "LTU"]
[BlackTeamCountry "LTU"]

1. e4 e5 2. Nf3 Nc6 3. Bb5 a6 4. Ba4 Nf6 5. 0-0 b5 6. Bb3 Be7 7. Qe2 0-0 8. c3 d6 9. Rd1 Na5 10. Bc2 c5 11. d4 cxd4 12. cxd4 Qc7 13. Nc3 Bg4 14. a3 Rac8 15. h3 Be6 16. d5 Bd7 17. Rd3 h6 18. Bd1 Nh7 19. g4 Rfe8 20. b3 Qd8 21. Bd2 Nf8 22. Qe1 Ng6 23. Ne2 Nb7 24. b4 Rc4 25. Re3 Qc8 26. Bb3 Rc7 27. Rc1 Rxc1 28. Qxc1 Qxc1+ 29. Bxc1 Bd8 30. Rc3 Bb6 31. Be3 Bxe3 32. fxe3 Rc8 33. Rxc8+ Bxc8 34. Kg2 Ne7 35. Nc3 Bd7 36. Bc2 Nc8 37. Bd3 Nb6 38. Nd2 Kf8 39. a4 bxa4 40. Bxa6 Nd8 41. Nc4 Nxc4 42. Bxc4 Ke7 43. Ba6 a3 44. b5 Nb7 45. b6 1/2-1/2

[Event "LTU-ch"]
[Site "Kaunas"]
[Date "2018.03.08"]
[Round "9"]
[White "Vicas, Marijus"]
[Black "Kalvaitis, Sigitas"]
[Result "1/2-1/2"]
[WhiteElo "2126"]
[BlackElo "2265"]
[PlyCount "80"]
[EventDate "2018.03.02"]
[EventType "swiss"]
[EventRounds "9"]
[EventCountry "LTU"]
[SourceTitle "CBM 183 Extra"]
[Source "ChessBase"]
[SourceDate "2018.04.19"]
[SourceVersion "1"]
[SourceVersionDate "2018.04.19"]
[SourceQuality "1"]

1. e4 e5 2. Nf3 Nc6 3. Bc4 Nf6 4. d3 Bc5 5. c3 0-0 6. b4 Bb6 7. a4 a6 8. 0-0 d6 9. Be3 Bxe3 10. fxe3 Be6 11. Na3 Qd7 12. Qe1 Ne7 13. a5 Ng6 14. Nh4 d5 15. exd5 Nxd5 16. Bxd5 Qxd5 17. e4 Qd7 18. Nxg6 hxg6 19. Qg3 f6 20. Rad1 Qa4 21. Nc4 g5 22. Ne3 Rad8 23. Nf5 Bxf5 24. exf5 Rd7 25. Qf3 c6 26. d4 exd4 27. Qe4 Rfd8 28. Rd3 Qa2 29. Rfd1 Qb3 30. h3 Kf8 31. h4 Qd5 32. Qg4 gxh4 33. Rxd4 Qf7 34. Qxh4 Kg8 35. Rxd7 Rxd7 36. Rxd7 Qxd7 37. Qc4+ Kf8 38. Qc5+ Qe7 39. Kf2 Qxc5+ 40. bxc5 g6 1/2-1/2

[Event "LTU-ch"]
[Site "Kaunas"]
[Date "2018.03.04"]
[Round "4"]
[White "Vicas, Marijus"]
[Black "Klabis, Rokas"]
[Result "1/2-1/2"]
[WhiteElo "2126"]
[BlackElo "2366"]
[PlyCount "72"]
[EventDate "2018.03.02"]
[EventType "swiss"]
[EventRounds "9"]
[EventCountry "LTU"]
[SourceTitle "CBM 183 Extra"]
[Source "ChessBase"]
[SourceDate "2018.04.19"]
[SourceVersion "1"]
[SourceVersionDate "2018.04.19"]
[SourceQuality "1"]

1. e4 e5 2. Nf3 Nc6 3. Bb5 Nge7 4. Nc3 d6 5. d4 Bd7 6. Bg5 Nxd4 7. Nxd4 exd4 8. Qxd4 Bxb5 9. Nxb5 a6 10. Nc3 Nc6 11. Qe3 Be7 12. Bxe7 Nxe7 13. 0-0-0 0-0 14. h4 Qd7 15. h5 Qe6 16. h6 g6 17. Qd4 f6 18. f4 Rf7 19. Kb1 Re8 20. Rde1 Qg4 21. Qf2 b5 22. f5 b4 23. Nd5 Nxd5 24. exd5 Rfe7 25. fxg6 Qxg6 26. Rxe7 Rxe7 27. b3 Kf7 28. Qd2 a5 29. Re1 Rxe1+ 30. Qxe1 Qf5 31. Qg3 Qg5 32. Qd3 f5 33. Qb5 Qe7 34. Qxa5 Qe1+ 35. Kb2 Qc3+ 36. Kb1 Qe1+ 1/2-1/2